00665pam a2200193 a 4500020001500000040000800015082002600023100001700049245008900066260004800155300003200203650001500235650001500250650002500265700002400290700002100314856006800335856006800403 a1741145856 cANL04a382 ALL 2004 A068 Or.1 aWeiss, Linda10aHow to kill a country :bAustralia's devastating trade deal with the United States / aCrows Nest, N.S.W. :bAllen & Unwin,c2004. ax, 190 p. :bill. ;c20 cm. 0aFree trade 0aFree trade 0aInternational trade.1 aThurbon, Elizabeth.1 aMathews, John A.42uhttp://www.loc.gov/catdir/enhancements/fy0627/2005391679-b.html42uhttp://www.loc.gov/catdir/enhancements/fy0627/2005391679-d.html